| 000 | 00397nam a2200157 i 4500 | ||
|---|---|---|---|
| 001 | 75834 | ||
| 003 | ES-MaACL | ||
| 005 | 20230906172621.0 | ||
| 007 | t| | ||
| 008 | 040928s1932 fr ||||1| fre d | ||
| 100 | 1 |
_aGraux, Lucien. _959771 |
|
| 245 | 1 | 2 |
_aL'Espagne economique / _cLucien Graux. |
| 260 |
_aParis : _bG. Ficker, _c1932. |
||
| 300 |
_a671 p. ; _c29 cm. |
||
| 852 |
_aES-MaACL _jC-19463 |
||
| 999 |
_c75834 _d75834 |
||